Dudik (Record no. 32576)

MARC details
000 -LEADER
fixed length control field 00708cam a22002171 4500
001 - CONTROL NUMBER
control field he 67001612
003 - CONTROL NUMBER IDENTIFIER
control field DLC
005 - DATE AND TIME OF LATEST TRANSACTION
control field 20260227111449.0
008 - FIXED-LENGTH DATA ELEMENTS--GENERAL INFORMATION
fixed length control field 870527s1966 is a j 000 1 hebr
010 ## - LIBRARY OF CONGRESS CONTROL NUMBER
LC control number he 67001612
035 ## - SYSTEM CONTROL NUMBER
System control number (OCoLC)15735854
040 ## - CATALOGING SOURCE
Original cataloging agency DLC
Transcribing agency TxU
Modifying agency TxU
-- DLC
042 ## - AUTHENTICATION CODE
Authentication code premarc
050 00 - LIBRARY OF CONGRESS CALL NUMBER
Classification number PZ90.H3
Item number H234
100 1# - MAIN ENTRY--PERSONAL NAME
Personal name Ḥaviv, Yifraḥ.
245 10 - TITLE STATEMENT
Title Dudik
Statement of responsibility, etc. [me-et] Yifraḥ Ḥaviv. Tsiyurim: Yoram Kleiner.
260 ## - PUBLICATION, DISTRIBUTION, ETC.
Place of publication, distribution, etc. Tel-Aviv,
Name of publisher, distributor, etc. Masadah
Date of publication, distribution, etc. [1966]
300 ## - PHYSICAL DESCRIPTION
Extent 85 p.
Other physical details illus.
Dimensions 23 cm.
500 ## - GENERAL NOTE
General note Vocalized.
505 0# - FORMATTED CONTENTS NOTE
Formatted contents note Dudik.--Digle tekhelet-lavan ʻal migdalah shel Yad Mordekhai.--Metsudat Yoʼav.--Sukot ba-mishlat.--ʻAl pisgat Sinai.--Be-melaḥ uve-ḥardal.

No items available.

Powered by Koha